| 000 | 00914nam0a2200289 4500 | ||
|---|---|---|---|
| 001 | RU\NLR\bibl\77002 | ||
| 005 | 20260408191941.0 | ||
| 010 |
_a5-7918-0014-2 _91000 |
||
| 021 |
_aRU _b1998-51419 _92473 |
||
| 035 | _a(NLR Aleph) 000075164 | ||
| 090 |
_a416283 _c416283 |
||
| 100 | _a20000327d1997 u y0rusy50 ca | ||
| 101 | 0 | _arus | |
| 102 | _aRU | ||
| 105 | _ay ||||||||| | ||
| 200 | 1 |
_aЛингво-философский анализ абстрактного имени _fЛ.О. Чернейко |
|
| 210 |
_aМ. _cБ.и. _d1997 |
||
| 215 |
_a319,[1] с., [1] л. табл. _d20 |
||
| 320 | _aБиблиогр. в подстроч. прим. | ||
| 606 |
_aИмя (филос.) _3RU\NLR\auth\661286897 _92133670 |
||
| 686 | _aЮ224.2 | ||
| 700 | 1 |
_aЧернейко _bЛ. О. _4070 |
|
| 801 | 0 |
_aRU _bNLR _c20000327 _gPSBO |
|
| 801 | 1 |
_aRU _bNLR _c20000327 |
|
| 852 |
_aNLR _j99-3/21051 |
||
| 942 | _cBOOK | ||
| 980 | _aNB | ||